000 00478nam a2200193Ia 4500
008 240510s9999 xx 000 0 und d
020 _a0000895170531
041 _aEng
082 _a519.2.65
082 _bD32
100 _aDIETRICH F.H. , SHAFER N.J.
245 0 _aBUSINESS STATISTICS : AN INFERENTIAL APPROACH
260 _bCALIFORNIA : DELLEN
260 _c1984
300 _a815 p.
650 _aBUSINESS STATISTICS : STATISTICS
942 _2ddc
942 _cLBK
999 _c26241
_d26241
945 _a1
_bMadushi Gamage
_c1
_dMadushi Gamage